000 00608nam a22001817a 4500
003 0
005 20251001090856.0
008 251001b xxu||||| |||| 00| 0 eng d
020 _a978-1-032-43771-2
050 _aRC 488
_b.D44 2025
100 _ade Haas, Willem,
_eauthor.
245 _aGroup therapy and group dynamic theory :
_ba professional method for all group-based treatment /
_cWillem de Haas.
260 _aNew York, NY :
_bRoutledge,
_c2025.
300 _axvii, 324 pages ;
_c23 cm.
504 _aIncludes bibliographical references and index.
650 _aGroup psychotherapy.
942 _2lcc
_cBK
999 _c368168
_d368168